Las Elecciones estadounidenses: más pérdidas que ganancias /
Պահպանված է:
| Հիմնական հեղինակ: | |
|---|---|
| Ձևաչափ: | Տեքստ |
| Խորագրեր: | |
| Ցուցիչներ: |
Ավելացրեք ցուցիչ
Չկան պիտակներ, Եղեք առաջինը, ով նշում է այս գրառումը!
|
MARC
| LEADER | 00000 a a2200000 04500 | ||
|---|---|---|---|
| 001 | 1207 | ||
| 003 | |||
| 040 | |||
| 100 | |a Pásara, Luis | ||
| 245 | |a Las Elecciones estadounidenses: |b más pérdidas que ganancias / |c Luis Pásara | ||
| 650 | |a ESTADOS UNIDOS | ||
| 650 | |a ELECCIONES | ||
| 650 | |a PARTICIPACION POLITICA | ||
| 650 | |a SISTEMAS ELECTORALES | ||
| 650 | |a VOTACION | ||
| 650 | |a CORRUPCION | ||
| 650 | |a CONFLICTOS POLITICOS | ||
| 650 | |a RESOLUCIONES | ||
| 773 | |g volumen 4; páginas 86-93 | ||
| 999 | |c 23759 |d 23759 | ||
